Kraje o największej produkcji mleka na świecie - Statystyki

Ogólne statystyki
  • Ten quiz został rozwiązany 111 razy
  • Średni wynik to 7 z 10
Statystyki odpowiedzi
Kraj Produkcja mleka % Poprawnych
USA 102 654 614
97%
Chiny 41 245 663
96%
Rosja 32 333 278
93%
Niemcy 32 506 910
87%
Indie 208 984 430
85%
Brazylia 36 663 708
83%
Francja 25 834 800
83%
Turcja 23 200 306
51%
Pakistan 59 666 000
48%
Nowa Zelandia 21 886 376
21%
Nie znaleziono quizów pasujących do podanych kryteriów
Rozkład punktacji
Procent ludzi z każdym wynikiem
Percentyl według liczby udzielonych odpowiedzi
Twoja historia wyników
Nie rozwiązałeś tego quizu